MARC

LEADER 00000nam0a2200000 4500
001 51129
005 20231031034545.0
010 |a 5283045471 
035 |a (RuTPU)RU\TPU\book\53530 
090 |a 51129 
100 |a 20030424d1991 km y0rusy50 ca 
101 0 |a rus 
102 |a RU 
105 |a a z 001zy 
200 1 |a Основы электробезопасности  |f В. Е. Манойлов 
205 |a 5-е изд., перераб. и доп. 
210 |a Ленинград  |c Энергоатомиздат  |d 1991 
215 |a 480 с.  |c ил. 
320 |a Библиогр.: с. 466-471. 
320 |a Имен. указ.: с. 472-475. 
610 1 |a электротехника 
610 1 |a электробезопасность 
610 1 |a травматизм 
610 1 |a электротравматизм 
610 1 |a производственный травматизм 
610 1 |a бытовой травматизм 
610 1 |a электрический ток 
610 1 |a воздействия 
610 1 |a статическое электричество 
610 1 |a защита 
610 1 |a электропроводность 
610 1 |a ткани тела 
610 1 |a изоляция 
610 1 |a напряжение 
610 1 |a заземление 
610 1 |a электроожоги 
610 1 |a диагностика 
610 1 |a лечение 
610 1 |a магнитные поля 
610 1 |a организация труда 
675 |a 621.3:658.382  |v 3 
700 1 |a Манойлов  |b В. Е.  |g Владимир Евстафьевич 
801 1 |a RU  |b 63413507  |c 20030424  |g PSBO 
801 2 |a RU  |b 63413507  |c 20200714  |g PSBO 
900 |a Электробезопасность 
942 |c BK